Winner of Every NBA 7-Game Finals - Statistics

General Stats
  • This quiz has been taken 39 times
  • The average score is 14 of 18
Answer Stats
Season Answer % Correct
2016 Cleveland Cavaliers
97%
2010 Los Angeles Lakers
94%
1988 Los Angeles Lakers
94%
2013 Miami Heat
94%
1954 Minneapolis Lakers
94%
1952 Minneapolis Lakers
94%
2005 San Antonio Spurs
91%
1974 Boston Celtics
88%
1969 Boston Celtics
88%
1966 Boston Celtics
88%
1962 Boston Celtics
88%
1960 Boston Celtics
88%
1957 Boston Celtics
88%
1994 Houston Rockets
74%
1970 New York Knicks
59%
1978 Washington Bullets
47%
1951 Rochester Royals
41%
1955 Syracuse Nationals
38%
No matching quizzes found
Score Distribution
Percent of People with Each Score
Percentile by Number Answered
Your Score History
You have not taken this quiz